000 00524nam a2200193Ia 4500
005 20260609164404.0
008 260609s9999||||xx |||||||||||||| ||und||
020 _a8170580803
020 _qpbk
082 _a923.254
_bPUR.4E
100 _aPurani, A.B.
245 4 _aThe life of Sri Aurobindo [4th ed.]
250 _a4th ed. 1978 ; 3rd imp. 1995
260 _aPondicherry
_bSri Aurobindo Ashram
_c1978
300 _axxii, 440p. ; 22cm.
653 _aBiography
653 _aGhose, Aurobindo, 1872-1950
942 _cBK
999 _c57114
_d57114